000 00650nam a22002417a 4500
003 UA-OsUOA
001 86898
007 ta
008 20120912b un ||||| |||| 00| 0 ukr d
100 _aБерезина В.
700 _aОрлов В.
090 _a94(100)
_bБ 48
942 _cBK
040 _aUA-OsUOA
_brus
_cUA-OsUOA
_dUA-OsUOA
245 _aОбьяснения к рисункам учебника новой истории
_bДля 8-го класса средней школы
300 _a56 с.
955 _a2
041 _arus
080 _a94(100)
260 _aМ.
_bГУПИ
_c1950
650 7 _2UDC
999 _c373086
_d373086